Кн. 3: Молекулярная физика и термодинамика; Курс общей физики

Bibliografiset tiedot
Parent link:Курс общей физики: в 5 кн./ И. В. Савельев. Кн. 3: Молекулярная физика и термодинамика.— , 2002-.— 5-17-008962-7
Yhteenveto:«Курс общей физики» И. В. Савельева охватывает все разделы современной физики и выпускается в пяти книгах. Содержание третьей книги составляет изложение основ молекулярной физики и термодинамики. Настоящий курс соответствует программам по физике для втузов.
Kieli:venäjä
Julkaistu: 2007
Aiheet:
Aineistotyyppi: Kirja
KOHA link:https://koha.lib.tpu.ru/cgi-bin/koha/opac-detail.pl?biblionumber=145763

MARC

LEADER 00000nam2a2200000 4500
001 145763
005 20231031144219.0
010 |a 5170045859 
010 |a 5-271-01305-7 
035 |a (RuTPU)RU\TPU\book\157997 
035 |a RU\TPU\book\93014 
090 |a 145763 
100 |a 20081022d2007 m y0rusy50 ca 
101 0 |a rus 
102 |a RU 
105 |a a j 001zy 
200 0 |a Кн. 3: Молекулярная физика и термодинамика 
210 |d 2007 
215 |a 208 с.  |c ил. 
320 |a Предметный указатель: с. 207-208. 
330 |a «Курс общей физики» И. В. Савельева охватывает все разделы современной физики и выпускается в пяти книгах. Содержание третьей книги составляет изложение основ молекулярной физики и термодинамики. Настоящий курс соответствует программам по физике для втузов. 
461 1 |0 (RuTPU)RU\TPU\book\45401  |y 5-17-008962-7  |y 5-271-01033-3  |t Курс общей физики  |o в 5 кн.  |f И. В. Савельев  |v Кн. 3: Молекулярная физика и термодинамика  |d 2002-  
610 1 |a физика 
610 1 |a молекулярная физика 
610 1 |a термодинамика 
610 1 |a статистическая физика 
610 1 |a кристаллическое состояние 
610 1 |a фазовое равновесие 
610 1 |a превращения 
610 1 |a физическая кинетика 
610 1 |a учебные пособия 
675 |a 53(075.8)  |v 3 
801 1 |a RU  |b 63413507  |c 20030226  |g PSBO 
801 2 |a RU  |b 63413507  |c 20160801  |g PSBO 
942 |c BK